000 00464nam a2200181 4500
001 18860
005 20230410115804.0
008 060907n2004 dr spa
020 _a1859844499
035 _9funglode19010
041 _aEN
050 1 4 _aHM 261 D411c 2004
100 _aDenning, Michael
245 1 _aCulture in the age of three worlds /
_cMichael Denning
260 _aLondon :
_bVerso,
_c2004
300 _avi, 280 p.
942 _2lcc
_cbk
999 _c47999
_d47999